English to Swedish Click Quiz: Foods - Statistics

General Stats
  • This quiz has been taken 149 times
  • The average score is 20 of 35
Answer Stats
Hint Answer % Correct
apple äpple
84%
chocolate choklad
84%
fish fisk
84%
lemon citron
81%
water vatten
81%
milk mjölk
79%
egg ägg
77%
sugar socker
76%
chicken kyckling
71%
jam marmelad
71%
sandwich smörgas
68%
honey honung
64%
mushroom champinjoner
61%
blueberry blåbär
60%
oil olja
60%
ice cream glass
56%
cheese ost
55%
gingerbread pepparkaka
55%
meat kött
53%
lettuce sallat
53%
beer öl
51%
strawberry jordgubbe
49%
orange apelsin
47%
salmon lax
47%
carrot morot
44%
butter smör
44%
cherry körsbär
41%
pork fläskkött
39%
lollipop klubba
37%
ham skinka
37%
onion lök
36%
flour mjöl
36%
raspberry hallon
33%
donut munk
33%
beef nötkött
29%
No matching quizzes found
Score Distribution
Percent of People with Each Score
Percentile by Number Answered
Your Score History
You have not taken this quiz